| 000 | 00876 a2200205 4500 | ||
|---|---|---|---|
| 008 | 100506t xxu||||| |||| 00| 0 eng d | ||
| 020 | _a1844800989 | ||
| 050 |
_aQA76.73.B3 _bJ66 2003 |
||
| 100 | _aJones, Phil | ||
| 245 |
_aVisual Basic .Net: a complete object-oriented programming course including unified Modelling Language (UML) _cPhil Jones ; foreword by Tim Sneath. |
||
| 260 |
_bThomson Learning _cc2003. _aLondon |
||
| 300 |
_axxi, 680 p. _bill. _c25 cm. |
||
| 500 | _aIncludes index. | ||
| 650 | _aMicrosoft Visual BASIC | ||
| 650 | _aBASIC ( Computer program language) | ||
| 650 | _aObject-oriented programming (Computer science) | ||
| 650 | _aMicrosoft .NET. | ||
| 942 |
_cBK _2lcc |
||
| 999 |
_c36722 _d36722 |
||